The South Africa Quiz Stats

Quiz Updated Dec 6, 2016

Challenge
Share
Tweet
Embed
Score 0/50 Timer 07:00
17 Plays Today
Hint Answer % Correct
Flag ColorGreen
97.5%
Flag ColorRed
97.1%
Flag ColorYellow
96.4%
Flag ColorBlack
95.2%
Flag ColorWhite
92.4%
Flag ColorBlue
91.6%
Official LanguageEnglish
90%
Lowest Point (0 m)Atlantic Ocean
89.9%
Primary ContinentAfrica
88.2%
Bordering OceanAtlantic Ocean
87.9%
Bordering OceanIndian Ocean
86.6%
First Black PresidentNelson Mandela
83.6%
Most Popular SportFootball (Soccer)
83.3%
Drives on the...Left
81.9%
Largest ReligionChristianity
81%
Largest CityJohannesburg
80.4%
World Cup Host Year 2010
77.7%
Legislative Capital CityCape Town
76.7%
Bordering CountryLesotho
75.7%
Official NameRepublic of South Africa
75.6%
Nationality (Demonym)South African
74%
Bordering CountryZimbabwe
71.7%
Bordering CountrySwaziland
70.3%
Official LanguageSwati
67.3%
Bordering CountryNamibia
67.3%
Hint Answer % Correct
Administrative Capital CityPretoria
66.7%
Independence fromUnited Kingdom
65.4%
Bordering CountryMozambique
64%
Bordering CountryBotswana
63.7%
Official LanguageAfrikaans
60.9%
# of Provinces9
56.2%
Internet Country Code.za
51.1%
CurrencyRand (ZAR)
44.2%
Official LanguageZulu
44.1%
Longest RiverOrange River
37.8%
PresidentJacob Zuma
32.1%
Judicial Capital CityBloemfontein
31.3%
Largest DesertKalahari Desert
26.7%
Official LanguageXhosa
23.2%
Official LanguageSesotho
14.9%
Official LanguageNorthern Sotho
13.1%
Largest ProvinceNorthern Cape
12.4%
Official LanguageTswana
10.7%
Official LanguageVenda
9.5%
Official LanguageSouthern Ndebele
9%
National BirdBlue Crane
8.6%
Official LanguageTsonga
8.4%
Freedom DayApril 27, 1994
6.8%
National MottoUnity In Diversity
6.7%
Highest Point (3,408 m)Njesuthi
3.7%

You're not logged in!

Compare scores with friends on all Sporcle quizzes.
Sign Up with Email
OR
Log In

You Might Also Like...

Show Comments

Extras

Top Quizzes Today


Score Distribution

Your Account Isn't Verified!

In order to create a playlist on Sporcle, you need to verify the email address you used during registration. Go to your Sporcle Settings to finish the process.